000 00621nam a22002057a 4500
999 _c7571
_d7571
003 OSt
005 20211206124617.0
008 211206b ||||| |||| 00| 0 eng d
020 _a9780071318358
040 _cDDC
082 _a657.42 LAN 2014
100 _aLanen, William N.; Shannon W. Anderson; Michael W. Maher.
_915491
245 _a Fundamentals of Cost Accounting
250 _a4e.
260 _aBoston :
_bMcGraw-Hill Irwin;
_c©2014,
300 _axxxvi, 636, [34] pages :
_billustrations (chiefly color) ;
_c 28 cm
504 _aIncludes index.
650 _aCost accounting.
_915492
942 _2ddc
_cBOOK